Fill The Book Shelf. - Statistics

General Stats
  • This quiz has been taken 21 times
  • The average score is 8 of 15
Answer Stats
Hint Answer % Correct
A book about animals rebelling against their farm leader only to end up worse than their initial situation. πŸ“• Animal Farm
95%
Holy book of Christianity πŸ“• Bible
90%
A Jane Austin romance about a rich man with much pride and a women who is prejudice. πŸ“• Pride and Prejudice
90%
A book by George Orwell about a society controlled by Big Brother. πŸ“• 1984
85%
Holy book of Islam πŸ“• Quran
75%
A Tolkien book about a journey to reclaim gold in a dragons lair. πŸ“• The Hobbit
70%
A Steinbeck book about poor farmers at a ranch in the 1930s with one acting as a father figure to the other due to intellectual hardships. πŸ“• Of Mice and Men
65%
A Bradbury novel about a fireman burning books. πŸ“• Fahrenheit 451
60%
A Chinese philosophy book about the strategies required to be a successful warrior. πŸ“• The Art Of War
60%
An epic about a Greek war between Sparta and Troy over an abducted wife Helen πŸ“• Illiad
55%
A book about uncovering and investigating the Watergate scandal πŸ“• All the Presidents Men
30%
A Muckraking book detailing of the horrors of 1890s America urban life πŸ“• The Jungle
20%
Roman version of the above πŸ“• Aeniad
5%
An epic about a conflict between a unrighteous Prince who is the son of the blind king and his righteous brothers. πŸ“• Mahabharata
5%
An epic of a young prince being exiled to the forest by his own stepmother, and has his wife stolen and engages in conflict to get her back. πŸ“• Ramayana
5%
No matching quizzes found
Score Distribution
Percent of People with Each Score
Percentile by Number Answered
Your Score History
You have not taken this quiz